01713nam a2200385 a 4500001001000000003000500010005001700015008004100032010001100073011001100084040000900095090001000104100004700114245017400161260004100335500006000376502011800436590004100554590003700595590004100632590004000673590004000713650004700753650003300800650004800833700004200881856001600923856007000939901000701009942001001016942000601026999001901032952014001051952013601191000113045CHAP20220329144335.0170329s2016 mx sm |||||||spa d a109506 a110478 cCHAP aTesis1 aAguilar Bárcenas, José Antonio913182610aUtilización de monensina sódica en vacas lecheras holstein en lactancia tempranah[En línea]cpor José Antonio Aguilar Bárcenas y Eduardo Cuahua Tequiliquihua. aChapingo, Méx. :bEl autor,c2016. aPara ver el contenido del material haga clic en la liga aTesis (Ing. Agr. Esp. en Zootecnia ) -- UACH. Departamento de Enseñanza Investigación y Servicio en Zootecnia aBATCH-UPDb05c20170329lUCH01h0859 aBATCHb00c20181121lUCH01h0758 aE11695DGDb10c20170404lUCH01h1036 aE5765TAJb05c20170329lUCH01h0858 aE5765TAJb05c20170329lUCH01h085914aAntibióticos en nutrición animal9605214aBecerrosxLactancia.913182914aMonesinaxEfecto en ganado lechero.91318281 aCuahua Tequiliquihua, Eduardo9131827 a1 n0000056 aFinding aiduhttp://10.13.5.2/tesis/sist113045.pdfzTeclea aquí aBK cTESIS n0 c109506d109506 00102local4053708TESISaBCbBCcPA_TESISd2017-03-29fTESISl0oTesisp33724002529272r2019-12-31 00:00:00tc.2w2019-12-31yTESIS 00104054718TESISaBCbBCd2017-03-29fTESISl0oTesisp33724002529314r2019-12-31 00:00:00w2019-12-31yTESISzRecien adquirido